[Event "Cappelle op 27th"]
[Site "Cappelle la Grande"]
[Date "2011.02.28"]
[Round "4"]
[White "Vogel, Jaap"]
[Black "Uehara, Shinpei"]
[Result "1-0"]
[WhiteElo "2207"]
[BlackElo "1987"]
[PlyCount "85"]
[EventDate "2011.02.26"]
[EventType "swiss"]
[EventRounds "9"]
[EventCountry "FRA"]
[SourceTitle "CBM 141 Extra"]
[Source "ChessBase"]
[SourceDate "2011.05.03"]
[SourceVersion "1"]
[SourceVersionDate "2011.05.03"]
[SourceQuality "1"]

1. d4 Nf6 2. Nf3 g6 3. g3 Bg7 4. Bg2 0-0 5. 0-0 d5 6. c4 dxc4 7. Na3 Nc6 8. Nxc4 Be6 9. b3 Nd5 10. Bb2 Nb6 11. Nce5 Nxe5 12. Nxe5 c6 13. e3 Qd6 14. Nd3 Rfd8 15. Nc5 Bc8 16. Qe2 Nd5 17. Rfd1 Nc7 18. Rac1 h5 19. h3 Rb8 20. e4 e6 21. e5 Qe7 22. Ne4 Ne8 23. h4 Bh6 24. Rc4 Qd7 25. Ba3 Bf8 26. Bxf8 Kxf8 27. Qe3 Kg7 28. Qg5 Kg8 29. Bf3 Kh7 30. Kg2 b5 31. Rxc6 Bb7 32. Nc5 Bxc6 33. Nxd7 Bxf3+ 34. Kxf3 Rxd7 35. Kg2 Rc8 36. Qd2 Nc7 37. Qa5 Rb8 38. Rc1 Rb7 39. Rc5 b4 40. Rc4 Rd5 41. Qa6 Rdb5 42. Qd6 Ne8 43. Qf8 1-0

[Event "Kuala Lumpur op 7th"]
[Site "Kuala Lumpur"]
[Date "2010.09.07"]
[Round "9"]
[White "Verdiana, Norasa"]
[Black "Uehara, Shinpei"]
[Result "1-0"]
[WhiteElo "1899"]
[BlackElo "2013"]
[PlyCount "61"]
[EventDate "2010.09.01"]
[EventType "swiss"]
[EventRounds "9"]
[EventCountry "MAS"]
[SourceTitle "CBM 138 Extra"]
[Source "ChessBase"]
[SourceDate "2010.10.29"]
[SourceVersion "1"]
[SourceVersionDate "2010.10.29"]
[SourceQuality "1"]

1. e4 c6 2. d4 d5 3. Nc3 dxe4 4. Nxe4 Bf5 5. Ng3 Bg6 6. Nf3 Nd7 7. h4 h6 8. h5 Bh7 9. Bd3 Bxd3 10. Qxd3 e6 11. Bd2 Ngf6 12. 0-0-0 Be7 13. Ne4 Nxe4 14. Qxe4 Nf6 15. Qe2 Qd5 16. c4 Qe4 17. Be3 Ng4 18. Nd2 Qf5 19. Rh3 Nxe3 20. Rxe3 0-0-0 21. g4 Qa5 22. Nb3 Qxa2 23. Kc2 Qa6 24. Ra1 Qb6 25. c5 Qb4 26. Rc3 Qb5 27. Rc4 b6 28. Rxa7 Rhe8 29. cxb6 Qxb6 30. Rca4 Bd6 31. R7a6 1-0

[Event "Kuala Lumpur op 7th"]
[Site "Kuala Lumpur"]
[Date "2010.09.06"]
[Round "8"]
[White "Uehara, Shinpei"]
[Black "F Sayani, M Hendrik"]
[Result "1-0"]
[WhiteElo "2013"]
[BlackElo "2201"]
[PlyCount "58"]
[EventDate "2010.09.01"]
[EventType "swiss"]
[EventRounds "9"]
[EventCountry "MAS"]
[SourceTitle "CBM 138 Extra"]
[Source "ChessBase"]
[SourceDate "2010.10.29"]
[SourceVersion "1"]
[SourceVersionDate "2010.10.29"]
[SourceQuality "1"]

1. e4 e5 2. Nf3 Nc6 3. Bb5 a6 4. Ba4 Nf6 5. 0-0 Nxe4 6. d4 b5 7. Bb3 d5 8. dxe5 Be6 9. c3 Bc5 10. Nbd2 0-0 11. Bc2 f5 12. Nb3 Bb6 13. Nbd4 Nxd4 14. Nxd4 Bxd4 15. cxd4 f4 16. f3 Ng3 17. Rf2 Qh4 18. Bxf4 Rxf4 19. hxg3 Qxg3 20. a4 b4 21. Rc1 Rh4 22. Qd2 Rf8 23. Bd1 Rh2 24. Rxc7 Qh4 25. Kf1 Rf4 26. Ra7 Rh1+ 27. Ke2 Re4+ 28. fxe4 Qxe4+ 29. Qe3 Bg4+ 1-0